[Event "Mondiale Semilampo FIDE 2024"]
[Site "New York"]
[Date "26.12.2024"]
[Round "1.44"]
[White "Shankland, Sam"]
[Black "Zhalmakhanov, Ramazan"]
[Result "1-0"]
[WhiteTitle "GM"]
[BlackTitle "GM"]
[WhiteElo "2672"]
[BlackElo "2486"]
[WhiteFideId "2004887"]
[BlackFideId "13706357"]
[EventDate "26.12.2024"]

1. Nf3 d5 2. g3 b6 3. Bg2 Bb7 4. d3 Nd7 5. O-O Ngf6 6. Nbd2 e6 7. e4 dxe4 8.
dxe4 Nxe4 9. Nxe4 Bxe4 10. Qe2 Bb7 11. Bg5 Qc8 12. Nd4 Bxg2 13. Nxe6 Ne5 14.
Qxe5 Qxe6 15. Qxe6+ fxe6 16. Kxg2 h6 17. Be3 O-O-O 18. Rfe1 Be7 19. Re2 Bf6 20.
c3 Rd5 21. Rae1 Kd7 22. c4 Rd3 23. c5 Re8 24. Rc2 Bd4 25. Bxd4 Rxd4 26. Re3 Rd5
27. Rec3 b5 28. Ra3 Ra8 29. Ra6 c6 30. b4 Rd4 31. Rb2 Kc7 32. a4 bxa4 33. Rxa4
Kb7 34. Ra3 a6 35. Re3 Re8 36. h4 e5 37. h5 e4 38. g4 Rf8 39. Kg3 Rd3 40. Rb3
Rd4 41. f4 Kc7 42. f5 Rb8 43. Ra3 Kb7 44. Ra4 Re8 45. Rea3 Ra8 46. Kf4 Ra7 47.
Re3 a5 48. Rxa5 Rxa5 49. bxa5 Ka6 50. Rxe4 Rd7 51. Re6 Kb5 52. f6 gxf6 53. Rxf6
Kxc5 54. Rxh6 Kb5 55. Rh8 c5 56. h6 1-0

[Event "Mondiale Semilampo FIDE 2024"]
[Site "New York"]
[Date "26.12.2024"]
[Round "1.45"]
[White "Urazayev, Arystanbek"]
[Black "Sevian, Samuel"]
[Result "0-1"]
[WhiteTitle "IM"]
[BlackTitle "GM"]
[WhiteElo "2470"]
[BlackElo "2696"]
[WhiteFideId "13709810"]
[BlackFideId "2040506"]
[EventDate "26.12.2024"]

1. d4 Nf6 2. Nf3 e6 3. c4 b6 4. g3 Ba6 5. Qc2 c5 6. d5 exd5 7. cxd5 Bb7 8. Bg2
Nxd5 9. Qb3 Nc7 10. Ne5 d5 11. Nc3 Bd6 12. Nxf7 Kxf7 13. Nxd5 Ne6 14. Nf4 Bxf4
15. Bxb7 Bxc1 16. Bxa8 Qd2+ 17. Kf1 Qxb2 18. Bd5 Re8 19. Qf3+ Kg8 20. Bxe6+ Rxe6
21. Qd5 Kf7 22. Qf5+ Rf6 23. Qd5+ Ke7 24. Qe4+ Re6 25. Qh4+ Kd7 26. Qa4+ Nc6 27.
Qd1+ Nd4 28. Rxc1 Rxe2 29. Kg2 Rxf2+ 30. Kh3 Qxa2 31. Qg4+ Qe6 32. Ra1 a5 33.
Qxe6+ Nxe6 34. Rhb1 Kc6 35. Re1 Rf6 36. Kg2 h6 37. Ra2 Nd4 38. h4 Rf7 39. g4 Ra7
40. Rea1 Nb3 41. Re1 a4 42. Kf2 Rf7+ 43. Kg3 b5 44. Re6+ Kd5 45. Rb6 Nd4 46. g5
hxg5 47. hxg5 Ra7 48. g6 a3 49. Kf4 b4 50. Ke3 b3 51. Rh2 a2 52. Kd3 c4+ 53. Ke3
Nf5+ 0-1

[Event "Mondiale Semilampo FIDE 2024"]
[Site "New York"]
[Date "26.12.2024"]
[Round "1.46"]
[White "Safarli, Eltaj"]
[Black "Saraci, Nderim"]
[Result "1-0"]
[WhiteTitle "GM"]
[BlackTitle "IM"]
[WhiteElo "2610"]
[BlackElo "2431"]
[WhiteFideId "13402129"]
[BlackFideId "6351921"]
[EventDate "26.12.2024"]

1. e4 e5 2. Nf3 Nc6 3. Bb5 a6 4. Ba4 d6 5. O-O g6 6. d4 Bg7 7. Bxc6+ bxc6 8.
dxe5 dxe5 9. Qxd8+ Kxd8 10. Nbd2 Be6 11. Nb3 Bxb3 12. axb3 Kc8 13. Be3 Nf6 14.
Ra4 Nd7 15. Rfa1 Kb7 16. Ng5 f6 17. Ne6 Bf8 18. f4 Bd6 19. f5 Rhg8 20. Kf2 h5
21. g3 Nf8 22. Nxf8 Bxf8 23. Ke2 g5 24. Rd1 Bd6 25. Rd3 Rgd8 26. Rc3 a5 27. Rd3
Be7 28. Rxd8 Bxd8 29. Bc5 Ka6 30. b4 Kb7 31. Rxa5 1-0

[Event "Mondiale Semilampo FIDE 2024"]
[Site "New York"]
[Date "26.12.2024"]
[Round "1.47"]
[White "Papasimakopoulos, Alexandros"]
[Black "Barbosa, Oliver"]
[Result "1-0"]
[WhiteTitle "FM"]
[BlackTitle "GM"]
[WhiteElo "2379"]
[BlackElo "2451"]
[WhiteFideId "4244125"]
[BlackFideId "5201640"]
[EventDate "26.12.2024"]

1. d4 Nf6 2. c4 e6 3. Nc3 c5 4. d5 exd5 5. cxd5 d6 6. Nf3 g6 7. Bf4 Bg7 8. Qa4+
Bd7 9. Qb3 Qc7 10. e4 O-O 11. Be2 a6 12. a4 Bg4 13. e5 dxe5 14. Bxe5 Qa5 15. O-O
Nbd7 16. Bd6 Rfe8 17. h3 Bxf3 18. Bxf3 Bf8 19. Bxf8 Kxf8 20. d6 Ne5 21. Qxb7
Rab8 22. Qc7 Nxf3+ 23. gxf3 Qxc7 24. dxc7 Rb7 25. Rfd1 Rxc7 26. Rd6 Re6 27. Rxe6
fxe6 28. Ne4 Nd5 29. Rc1 c4 30. Nd2 c3 31. bxc3 Ke7 32. c4 Nf4 33. Kh2 Nd3 34.
Rb1 Nxf2 35. Rb6 Kf6 36. Kg3 Nd3 37. Rxa6 Rb7 38. a5 Rb2 39. Ne4+ Ke5 40. Rb6
Ra2 41. a6 h6 42. h4 Ne1 43. Nf2 h5 44. Rb1 Nc2 45. Nd3+ Kf5 46. Rb5+ Kf6 47.
Nc5 Ke5 48. f4+ Kd4 49. Ra5 Rb2 50. Nxe6+ Kd3 51. a7 Ne3 52. Ra3+ Ke4 53. a8=Q+ 1-0

[Event "Mondiale Semilampo FIDE 2024"]
[Site "New York"]
[Date "26.12.2024"]
[Round "1.48"]
[White "Martirosyan, Haik M."]
[Black "Suleymenov, Alisher"]
[Result "1-0"]
[WhiteTitle "GM"]
[BlackTitle "GM"]
[WhiteElo "2656"]
[BlackElo "2500"]
[WhiteFideId "13306553"]
[BlackFideId "13707833"]
[EventDate "26.12.2024"]

1. d4 Nf6 2. c4 g6 3. Nc3 d5 4. cxd5 Nxd5 5. e3 Bg7 6. Bc4 Nb6 7. Bb3 c5 8. Nf3
O-O 9. O-O Bg4 10. dxc5 N6d7 11. h3 Bxf3 12. Qxf3 Nxc5 13. Bc2 e6 14. Rd1 Qe7
15. Bd2 Nc6 16. a3 a6 17. Be1 Rac8 18. Rac1 b5 19. Qe2 Rc7 20. b4 Nd7 21. Ne4
Bb2 22. Rb1 Bxa3 23. Bc3 e5 24. Nd6 Nd4 25. Bxd4 exd4 26. Rxd4 Ne5 27. Rbd1 Bb2
28. Rd5 Bc3 29. Bb3 Bxb4 30. Qa2 Bxd6 31. Rxd6 Nc4 32. Rxa6 Rd8 33. Ra8 Rxa8 34.
Qxa8+ Kg7 35. Qb8 Rd7 36. Qxb5 Rxd1+ 37. Bxd1 Ne5 38. Qd5 Nd7 39. Qd4+ Nf6 40.
Bb3 h5 41. Qc4 Qa7 42. g3 Qa1+ 43. Kh2 Qa7 44. Qc3 Qb7 45. Bd1 Qd5 46. Qa1 Qc6
47. Qb2 Kg8 48. Bb3 Qf3 49. Kg1 h4 50. gxh4 Ne4 51. Qc2 Qf5 52. Kg2 Kg7 53. Bc4
Qe5 54. Be2 Nd6 55. Bg4 Ne8 56. Qc4 Nf6 57. Bf3 Qd6 58. Qc3 Kg8 59. Qb2 Qe7 60.
Qd4 Qe6 61. Qf4 Kg7 62. Qg5 Nh7 63. Qc5 Qf6 64. h5 Ng5 65. Qd5 Nxf3 66. Qxf3
Qg5+ 67. Qg4 Qd5+ 68. Kg1 Qd2 69. Qd4+ Qxd4 70. exd4 gxh5 71. Kg2 Kf6 72. Kg3 1-0

[Event "Mondiale Semilampo FIDE 2024"]
[Site "New York"]
[Date "26.12.2024"]
[Round "1.49"]
[White "Karthik, Venkataraman"]
[Black "Bluebaum, Matthias"]
[Result "1/2-1/2"]
[WhiteTitle "GM"]
[BlackTitle "GM"]
[WhiteElo "2603"]
[BlackElo "2650"]
[WhiteFideId "25006479"]
[BlackFideId "24651516"]
[EventDate "26.12.2024"]

1. d4 d5 2. c4 e6 3. cxd5 exd5 4. Nc3 Bb4 5. a3 Bxc3+ 6. bxc3 Nf6 7. e3 Bf5 8.
f3 h5 9. Bd3 Bxd3 10. Qxd3 O-O 11. Ne2 c5 12. O-O Re8 13. Ng3 Nc6 14. Ra2 Qd7
15. Re2 Re6 16. Bb2 Rae8 17. Rfe1 h4 18. Nf5 h3 19. g4 c4 20. Qd1 Nh7 21. Bc1
Ne7 22. Ng3 Ng6 23. e4 Nh4 24. Rf1 f6 25. Qe1 Ng5 26. Bxg5 fxg5 27. Qd2 Qd8 28.
e5 Rf8 29. Ref2 Ng6 30. Nh5 Nf4 31. Nxf4 Rxf4 32. Rb1 Rb6 33. Qc2 Qf8 34. Rxb6
axb6 35. Qg6 Qxa3 36. Qxg5 Qc1+ 37. Rf1 Qe3+ 38. Rf2 Qe1+ 39. Rf1 Qe3+ 40. Rf2
Qe1+ 1/2-1/2

[Event "Mondiale Semilampo FIDE 2024"]
[Site "New York"]
[Date "26.12.2024"]
[Round "1.50"]
[White "Akobian, Varuzhan"]
[Black "Escobar Forero, Alder"]
[Result "0-1"]
[WhiteTitle "GM"]
[BlackTitle "GM"]
[WhiteElo "2564"]
[BlackElo "2420"]
[WhiteFideId "13300580"]
[BlackFideId "4400801"]
[EventDate "26.12.2024"]

1. d4 d5 2. c4 e6 3. Nc3 Nf6 4. cxd5 exd5 5. Bg5 Be7 6. e3 c6 7. Bd3 Nbd7 8. Qc2
h6 9. Bh4 Nh5 10. Bxe7 Qxe7 11. Nge2 Nb6 12. O-O Bg4 13. Rae1 Bxe2 14. Rxe2 O-O
15. Rb1 a5 16. a3 Nc8 17. b4 axb4 18. axb4 Nd6 19. b5 Ra3 20. bxc6 bxc6 21. Ree1
Qa7 22. Rec1 Nf6 23. Rb2 Rc8 24. h3 c5 25. dxc5 Rxc5 26. Rb3 Nfe4 27. Qb2 Rxb3
28. Qxb3 Qc7 29. Ra1 Rxc3 30. Qxd5 Rc1+ 31. Rxc1 Qxc1+ 32. Kh2 Qc7 33. Qa8+ Ne8+
34. f4 Nf6 35. Bb5 Qe7 36. e4 Kf8 37. e5 Nh5 38. Qe4 g6 39. g4 Nhg7 40. f5 gxf5
41. gxf5 Qc5 42. Bd3 f6 43. exf6 Nxf6 44. Qf4 Nd5 45. Qb8+ Kf7 46. Qg3 Qc7 47.
Qxc7+ Nxc7 48. Kg3 Kf6 49. Kg4 Nd5 50. Bb1 Ke5 51. h4 Nf6+ 52. Kf3 Nxf5 53. h5
Nxh5 54. Ba2 Nf6 55. Bf7 Nd6 56. Bg6 Nb5 57. Kg3 Nd4 58. Bb1 Nf5+ 59. Kf3 h5 60.
Bd3 Nh7 61. Ba6 Ng5+ 62. Kg2 Kf4 63. Bb7 Ne3+ 64. Kh2 h4 65. Bc6 Ng4+ 66. Kg2
h3+ 67. Kh1 Kg3 68. Bb7 Nf2+ 69. Kg1 h2+ 70. Kf1 Nf3 0-1

[Event "Mondiale Semilampo FIDE 2024"]
[Site "New York"]
[Date "26.12.2024"]
[Round "1.51"]
[White "Sardana, Rishi"]
[Black "Petrosian, Tigran L."]
[Result "0-1"]
[WhiteTitle "IM"]
[BlackTitle "GM"]
[WhiteElo "2466"]
[BlackElo "2551"]
[WhiteFideId "25004301"]
[BlackFideId "13301616"]
[EventDate "26.12.2024"]

1. e4 g6 2. d4 Bg7 3. Nf3 d6 4. c3 Nf6 5. Bd3 O-O 6. O-O Nc6 7. Re1 e5 8. h3 Nh5
9. Bg5 Qe8 10. Na3 h6 11. Be3 Qe7 12. Nc4 Qf6 13. b4 exd4 14. Nxd4 Ne5 15. Nb5
Nxc4 16. Bxc4 Qd8 17. Qd2 a6 18. Nd4 Kh7 19. Rad1 Nf6 20. Bf4 Nd7 21. Bg3 Ne5
22. Bb3 Qg5 23. Bf4 Qe7 24. Kh1 Bd7 25. Bh2 Rae8 26. f4 Nc6 27. Nf3 Be6 28. Bd5
Qf6 29. e5 dxe5 30. Nxe5 Rd8 31. c4 Nxe5 32. fxe5 Qe7 33. Qc3 c6 34. Bf3 Rxd1
35. Rxd1 Rd8 36. Rxd8 Qxd8 37. Bg1 Qh4 38. Bd4 Qg3 39. a4 h5 40. b5 c5 41. Bg1
Bxe5 42. Qd3 axb5 43. axb5 b6 44. Qe2 Bxh3 45. gxh3 Qxh3+ 46. Bh2 Bxh2 47. Qg2
Qxg2+ 48. Kxg2 Be5 0-1

[Event "Mondiale Semilampo FIDE 2024"]
[Site "New York"]
[Date "26.12.2024"]
[Round "1.52"]
[White "Sargsyan, Shant"]
[Black "Makoto, Rodwell"]
[Result "1-0"]
[WhiteTitle "GM"]
[BlackTitle "IM"]
[WhiteElo "2646"]
[BlackElo "2334"]
[WhiteFideId "13306766"]
[BlackFideId "11000120"]
[EventDate "26.12.2024"]

1. e4 e5 2. Nf3 Nc6 3. Bb5 a6 4. Ba4 d6 5. O-O Bd7 6. c4 g6 7. d4 Bg7 8. Bxc6
Bxc6 9. Nc3 Ne7 10. b3 O-O 11. Re1 Bd7 12. h3 exd4 13. Nxd4 Nc6 14. Be3 Re8 15.
Qd2 Nxd4 16. Bxd4 Bc6 17. Rad1 b5 18. Bxg7 Kxg7 19. Qd3 Qh4 20. Re3 b4 21. Nd5
Bxd5 22. cxd5 a5 23. Rc1 Re7 24. Rc4 Qf6 25. Qc2 Rc8 26. g3 h5 27. h4 g5 28.
hxg5 Qxg5 29. Kg2 Qg6 30. Qb2+ Kh7 31. Qc1 Rce8 32. Rf3 Rxe4 33. Rxc7 R8e7 34.
Rc8 Re1 35. Qb2 Qg7 36. Qc2+ Qg6 37. Rxf7+ Rxf7 38. Rh8+ Kxh8 39. Qxg6 Rfe7 40.
Qxh5+ 1-0

[Event "Mondiale Semilampo FIDE 2024"]
[Site "New York"]
[Date "26.12.2024"]
[Round "1.53"]
[White "Kacharava, Nikolozi"]
[Black "Fressinet, Laurent"]
[Result "1/2-1/2"]
[WhiteTitle "GM"]
[BlackTitle "GM"]
[WhiteElo "2510"]
[BlackElo "2588"]
[WhiteFideId "13611860"]
[BlackFideId "608742"]
[EventDate "26.12.2024"]

1. e4 c5 2. Nf3 Nc6 3. Bb5 g6 4. Bxc6 dxc6 5. d3 Bg7 6. h3 b6 7. Nc3 e5 8. O-O
Ne7 9. a3 a5 10. Be3 a4 11. Qb1 O-O 12. b4 axb3 13. Qxb3 Be6 14. Qb2 Qc7 15. a4
Ra5 16. Rfb1 Rb8 17. Ng5 Bd7 18. Qb3 Be8 19. Bd2 Raa8 20. Nd1 h6 21. Nf3 Bd7 22.
Ne3 Be6 23. Qb2 b5 24. axb5 Rxa1 25. Rxa1 cxb5 26. Ng4 Bxg4 27. hxg4 Nc6 28. Be3
Nd4 29. Ra6 Qc8 30. Qa2 Qxg4 31. Bxd4 cxd4 32. Qd5 Rf8 33. Qxb5 Qf4 34. Qd5 Kh7
35. Ra8 Rxa8 36. Qxa8 Qc1+ 37. Kh2 Qxc2 38. Qd5 Qxd3 39. Nxe5 Qe2 40. f3 Bxe5+
41. Qxe5 Qc4 42. Qd6 d3 43. Kg3 Qc3 44. e5 Qe1+ 45. Kh3 d2 46. Qf6 Kg8 47. Qd8+
Kh7 48. Qf6 Qxe5 49. Qxf7+ Kh8 50. Qf8+ Kh7 51. Qf7+ Qg7 52. Qd5 Qc3 53. Qf7+
Kh8 54. Qf8+ Kh7 55. Qf7+ 1/2-1/2

[Event "Mondiale Semilampo FIDE 2024"]
[Site "New York"]
[Date "26.12.2024"]
[Round "1.54"]
[White "Indjic, Aleksandar"]
[Black "Gan-Erdene, Sugar"]
[Result "1-0"]
[WhiteTitle "GM"]
[BlackTitle "IM"]
[WhiteElo "2647"]
[BlackElo "2437"]
[WhiteFideId "911925"]
[BlackFideId "4902980"]
[EventDate "26.12.2024"]

1. d4 Nf6 2. c4 e6 3. Nc3 Bb4 4. Qc2 O-O 5. a3 Bxc3+ 6. Qxc3 d5 7. e3 b6 8. cxd5
exd5 9. Bd3 Ba6 10. Bxa6 Nxa6 11. Qd3 Qc8 12. Ne2 c5 13. b3 Qb7 14. Bb2 Rac8 15.
dxc5 Nxc5 16. Qd1 Qe7 17. O-O Rfd8 18. Rc1 h6 19. Nd4 Qd7 20. Qe2 Nfe4 21. Rfd1
Kh7 22. Qf3 g6 23. Qf4 Re8 24. h4 g5 25. Qh2 f6 26. f3 Nd6 27. hxg5 fxg5 28. b4
Nc4 29. e4 Nxb2 30. Nf5 Qe6 31. Rxd5 Nxe4 32. Rc7+ Kh8 33. fxe4 Nc4 34. Rdd7
Rxc7 35. Qxc7 1-0

[Event "Mondiale Semilampo FIDE 2024"]
[Site "New York"]
[Date "26.12.2024"]
[Round "1.55"]
[White "Thavandiran, Shiyam"]
[Black "Bok, Benjamin"]
[Result "0-1"]
[WhiteTitle "IM"]
[BlackTitle "GM"]
[WhiteElo "2410"]
[BlackElo "2593"]
[WhiteFideId "2605058"]
[BlackFideId "1017063"]
[EventDate "26.12.2024"]

1. e4 c5 2. Nf3 d6 3. d4 cxd4 4. Nxd4 Nf6 5. Nc3 a6 6. h3 e5 7. Nf3 Be7 8. g4 b5
9. g5 Nfd7 10. Be3 Nb6 11. a4 bxa4 12. Nxa4 N8d7 13. Nxb6 Nxb6 14. Qd2 O-O 15.
O-O-O Qc7 16. Qa5 Rb8 17. Rd3 Bd8 18. Nd2 Be6 19. Rc3 Qd7 20. Qa3 Na4 21. Rd3
Nxb2 22. Rxd6 Be7 23. Bc5 Bxd6 24. Bxd6 Rfd8 25. Bb4 Qd4 26. Bc3 Qxf2 27. Bxa6
Qe3 28. Qa5 Na4 29. Bd3 Nxc3 30. Qxc3 Rbc8 0-1

[Event "Mondiale Semilampo FIDE 2024"]
[Site "New York"]
[Date "26.12.2024"]
[Round "1.56"]
[White "Antipov, Mikhail Al."]
[Black "Oro, Faustino"]
[Result "1-0"]
[WhiteTitle "GM"]
[BlackTitle "IM"]
[WhiteElo "2594"]
[BlackElo "2433"]
[WhiteFideId "4107012"]
[BlackFideId "20000197"]
[EventDate "26.12.2024"]

1. e4 e5 2. Nf3 Nc6 3. Bc4 Bc5 4. O-O Nf6 5. d3 h6 6. Nbd2 O-O 7. h3 d6 8. c3 a5
9. Re1 Be6 10. Bb5 Bb6 11. Nc4 Bc5 12. Ba4 Ne7 13. Ncd2 Ng6 14. d4 Bb6 15. Bc2
c6 16. Nf1 Re8 17. Ng3 Qc7 18. Be3 Rad8 19. a4 Qe7 20. Qd2 Bc7 21. Rad1 Qf8 22.
Qc1 d5 23. Nxe5 Nxe5 24. dxe5 Nxe4 25. Nxe4 dxe4 26. Rxd8 Rxd8 27. Bf4 Qc5 28.
Rxe4 Bf5 29. Re3 Bxc2 30. Qxc2 Qd5 31. g4 Bb6 32. Re4 Qd1+ 33. Qxd1 Rxd1+ 34.
Kg2 Rb1 35. Re2 Ra1 36. Rd2 Rxa4 37. Kf3 Ra2 38. Be3 Bxe3 39. Kxe3 Kf8 40. f4
Ke7 41. f5 a4 42. h4 a3 43. bxa3 Rxa3 44. Rb2 b5 45. Kd4 Kd7 46. g5 hxg5 47.
hxg5 c5+ 48. Kd5 Rxc3 49. Rxb5 Rd3+ 50. Kxc5 Rg3 51. Rb7+ Ke8 52. Kd5 Rd3+ 53.
Ke4 Rd1 54. Rb8+ Ke7 55. Rb7+ Ke8 56. g6 fxg6 57. fxg6 Kf8 58. Kf5 Ra1 59. Rf7+
Kg8 60. Rc7 Kf8 61. Ke6 Ra8 62. Kd7 Re8 63. Rc1 Ra8 64. Rf1+ Kg8 65. Rd1 Kf8 66.
Rd6 Re8 67. Rd5 Ra8 68. Ke6 Ra6+ 69. Rd6 Ra8 70. Rd7 Ra6+ 71. Kf5 Ra1 72. Rf7+
Kg8 73. e6 Rf1+ 74. Ke5 Re1+ 75. Kd6 Rg1 76. Ke7 Rxg6 77. Rf8+ Kh7 78. Kd7 1-0

[Event "Mondiale Semilampo FIDE 2024"]
[Site "New York"]
[Date "26.12.2024"]
[Round "1.57"]
[White "Hungaski, Robert"]
[Black "Pichot, Alan"]
[Result "1/2-1/2"]
[WhiteTitle "GM"]
[BlackTitle "GM"]
[WhiteElo "2477"]
[BlackElo "2637"]
[WhiteFideId "2021030"]
[BlackFideId "110973"]
[EventDate "26.12.2024"]

1. h3 e5 2. e3 d5 3. d4 Nc6 4. Bb5 a6 5. Bxc6+ bxc6 6. Nf3 e4 7. Ng1 Qg5 8. g3
h5 9. b3 Nh6 10. Qd2 Bd6 11. Ba3 h4 12. Bxd6 cxd6 13. g4 f5 14. f4 exf3 15. Nxf3
Qe7 16. g5 Nf7 17. g6 Ng5 18. Nxg5 Qxg5 19. Nc3 Qxg6 20. O-O-O Be6 21. Rhg1 Qf6
22. Rdf1 g5 23. e4 f4 24. exd5 cxd5 25. Qg2 Qxd4 26. Qxg5 Rg8 27. Qxg8+ Bxg8 28.
Rxg8+ Kd7 29. Rxa8 Qxc3 30. Kb1 d4 31. Rd1 Qxh3 32. Rf8 Qg3 33. Rf1 h3 34. Rf7+
Kc6 35. R7xf4 d3 36. R4f3 Qg2 37. cxd3 h2 38. Rc1+ Kb5 39. Rf5+ d5 40. Rh5 a5
41. a3 a4 42. b4 Qf3 43. Rc5+ Kb6 44. Rh6+ Kb7 45. Rh7+ Kb6 46. Rh6+ Kb7 47.
Rh7+ 1/2-1/2

[Event "Mondiale Semilampo FIDE 2024"]
[Site "New York"]
[Date "26.12.2024"]
[Round "1.58"]
[White "Sadhwani, Raunak"]
[Black "Gretarsson, Helgi Ass"]
[Result "1-0"]
[WhiteTitle "GM"]
[BlackTitle "GM"]
[WhiteElo "2673"]
[BlackElo "2418"]
[WhiteFideId "35093487"]
[BlackFideId "2300699"]
[EventDate "26.12.2024"]

1. e4 g6 2. d4 d6 3. Nc3 c6 4. Nf3 Nd7 5. a4 Bg7 6. Bc4 e6 7. O-O d5 8. Bb3 Ne7
9. Re1 O-O 10. Bg5 f6 11. Bf4 g5 12. Bd6 Rf7 13. a5 Nf8 14. Bb4 Neg6 15. Na4 g4
16. Nd2 f5 17. exd5 exd5 18. c4 Nf4 19. Nf1 dxc4 20. Bxc4 Nd5 21. Qb3 Ne6 22.
Bc3 f4 23. Rad1 Ng5 24. Bd2 Bxd4 25. Bc3 Bxc3 26. Nxc3 Be6 27. Rxe6 Nxe6 28.
Nxd5 Nc5 29. Qa3 b5 30. Ba2 Qf8 31. Nf6+ Kh8 32. Bxf7 1-0

[Event "Mondiale Semilampo FIDE 2024"]
[Site "New York"]
[Date "26.12.2024"]
[Round "1.60"]
[White "Chanda, Sandipan"]
[Black "Macovei, Andrei"]
[Result "0-1"]
[WhiteTitle "GM"]
[BlackTitle "IM"]
[WhiteElo "2480"]
[BlackElo "2477"]
[WhiteFideId "5004225"]
[BlackFideId "13904680"]
[EventDate "26.12.2024"]

1. d4 Nf6 2. c4 e6 3. Nc3 d5 4. cxd5 Nxd5 5. e4 Nxc3 6. bxc3 c5 7. Nf3 cxd4 8.
cxd4 Bb4+ 9. Bd2 Bxd2+ 10. Qxd2 O-O 11. Rd1 b6 12. Be2 Bb7 13. d5 exd5 14. O-O
d4 15. Nxd4 Nd7 16. Nf5 Bxe4 17. Nd6 Bc6 18. Qc3 Nc5 19. Nxf7 Qf6 20. Ne5 Be4
21. f4 h6 22. Bc4+ Kh7 23. Bd5 Bxd5 24. Rxd5 Rad8 25. Qc2+ Kg8 26. Qc4 Rxd5 27.
Qxd5+ Qe6 28. Qxe6+ Nxe6 29. f5 Nd4 30. Ng6 Re8 31. g4 Kf7 32. h3 Kf6 33. a4 Re4
34. Kg2 h5 35. Kg3 hxg4 36. hxg4 Kg5 37. Kh3 Re3+ 38. Kg2 Re4 39. Kh3 Rxg4 40.
Ne5 Rh4+ 41. Kg2 Re4 42. Nf7+ Kg4 43. Nd6 Re2+ 44. Rf2 Rxf2+ 45. Kxf2 a6 46. Ne8
Kxf5 47. Nxg7+ Ke4 48. Ne8 Nb3 49. Nc7 Nc5 50. Na8 Nxa4 51. Ke2 Nc3+ 52. Kd2 Nd5
53. Kc2 Kd4 54. Kb3 Kc5 0-1

[Event "Mondiale Semilampo FIDE 2024"]
[Site "New York"]
[Date "26.12.2024"]
[Round "1.61"]
[White "Can, Isik"]
[Black "Donchenko, Alexander"]
[Result "0-1"]
[WhiteTitle "IM"]
[BlackTitle "GM"]
[WhiteElo "2499"]
[BlackElo "2618"]
[WhiteFideId "6383742"]
[BlackFideId "24603295"]
[EventDate "26.12.2024"]

1. e4 c6 2. d4 d5 3. Nd2 dxe4 4. Nxe4 Bf5 5. Ng3 Bg6 6. h4 h6 7. Nf3 Nd7 8. h5
Bh7 9. Bd3 Bxd3 10. Qxd3 e6 11. Bd2 Ngf6 12. O-O-O Be7 13. Ne4 O-O 14. Nxf6+
Nxf6 15. Kb1 Qd5 16. c4 Qe4 17. Be3 Qxd3+ 18. Rxd3 b5 19. Ne5 Rfc8 20. Rc1 Bd6
21. c5 Bxe5 22. dxe5 Ng4 23. Bf4 Nxf2 24. Rd2 Ne4 25. Re2 f5 26. exf6 Nxf6 27.
Rxe6 Nxh5 28. Bh2 Nf6 29. Rce1 Re8 30. Bg3 Rac8 31. Re7 a5 32. a4 bxa4 33. Ka2
Rxe7 34. Rxe7 Nd5 35. Rb7 Re8 36. Rb8 Kf7 37. Rxe8 Kxe8 38. Ka3 Ne3 39. Kxa4
Nxg2 40. Kxa5 Ne3 41. b4 Nc4+ 42. Ka4 Nd2 43. Be5 g5 44. b5 Kd7 45. Ka5 Nc4+ 46.
Ka6 Nxe5 0-1

[Event "Mondiale Semilampo FIDE 2024"]
[Site "New York"]
[Date "26.12.2024"]
[Round "1.62"]
[White "Shimanov, Aleksandr"]
[Black "Mamedov, Edgar"]
[Result "0-1"]
[WhiteTitle "GM"]
[BlackTitle "IM"]
[WhiteElo "2593"]
[BlackElo "2441"]
[WhiteFideId "4198603"]
[BlackFideId "13739980"]
[EventDate "26.12.2024"]

1. Nf3 d5 2. g3 b6 3. Bg2 Bb7 4. O-O e6 5. d3 Nf6 6. Nbd2 Be7 7. e4 dxe4 8. dxe4
O-O 9. e5 Nfd7 10. Re1 Nc6 11. b3 Qc8 12. Bb2 a5 13. a3 Rd8 14. Qe2 Nc5 15. Rad1
Bf8 16. Qc4 Ne7 17. Qf4 h6 18. h4 Ng6 19. Qg4 Be7 20. Nd4 Bxg2 21. Kxg2 Rd5 22.
h5 Nf8 23. Qf3 Nh7 24. Nc4 Ng5 25. Qg4 Qb7 26. f3 Rad8 27. a4 f5 28. exf6 Bxf6
29. Nxe6 Ncxe6 30. Rxd5 Qxd5 31. Bc1 Rf8 32. Ne3 Qxf3+ 33. Qxf3 Nxf3 34. Kxf3
Bc3+ 35. Ke2 Nd4+ 36. Kd1 Bxe1 37. Kxe1 Nf5 38. Nf1 Re8+ 39. Kf2 Rd8 40. Bf4 Rd7
41. c3 Kf7 42. Nd2 Ke6 43. Nc4 Ne7 44. Ne5 Rd1 45. Nf3 Nd5 46. Be5 Kf5 47. c4
Rd3 48. Bxg7 Nf6 49. Ke2 Rd7 50. Nh4+ Ke6 51. Bxh6 Nxh5 52. g4 Ng3+ 53. Ke3 Nf1+
54. Ke2 Nh2 55. g5 Ng4 56. Nf3 Nxh6 57. gxh6 Kf6 58. c5 Rh7 59. cxb6 cxb6 60.
Nd2 Rxh6 61. Kd3 Ke6 62. Kc4 Rh5 63. Nf3 Rc5+ 64. Kd4 Kd6 65. Nd2 Rh5 66. Nc4+
Kc7 67. Nb2 Rh4+ 68. Kc3 Kc6 69. Nd3 Kd5 70. Nf2 Rf4 71. Nd3 Rf3 72. Kc2 Kd4 0-1

[Event "Mondiale Semilampo FIDE 2024"]
[Site "New York"]
[Date "26.12.2024"]
[Round "1.63"]
[White "Gaehwiler, Gabriel"]
[Black "Hovhannisyan, Robert"]
[Result "1-0"]
[WhiteTitle "IM"]
[BlackTitle "GM"]
[WhiteElo "2392"]
[BlackElo "2626"]
[WhiteFideId "1314530"]
[BlackFideId "13302507"]
[EventDate "26.12.2024"]

1. d4 d5 2. c4 c6 3. Nf3 Nf6 4. Nc3 e6 5. g3 dxc4 6. Bg2 Nbd7 7. O-O Bd6 8. Nd2
Nb6 9. a4 a5 10. Nf3 Nfd5 11. e4 Nb4 12. Qe2 O-O 13. e5 Be7 14. h4 N6d5 15. Qxc4
b6 16. Rd1 Ba6 17. Qb3 Rc8 18. Ne4 c5 19. dxc5 bxc5 20. Bg5 Bd3 21. Bxe7 Qxe7
22. Nd6 c4 23. Nxc8 Rxc8 24. Qa3 Qa7 25. Ne1 Qd4 26. Nf3 Qb6 27. Rac1 h6 28. Ne1
Bf5 29. Bf1 c3 30. bxc3 Nc2 31. Nxc2 Rxc3 32. Qd6 Rxg3+ 33. Bg2 Rxg2+ 34. Kxg2
Nf4+ 35. Kf3 Qb7+ 36. Kxf4 Qe4+ 37. Kg3 Qg4+ 38. Kh2 Be4 39. Qd8+ Kh7 40. Ne3
Qf4+ 41. Kg1 Qf3 42. Kf1 Bb7 43. Ke1 Ba6 44. Rc2 Qh1+ 45. Kd2 Qe4 46. Kc1 Qxa4
47. Qd4 Qa3+ 48. Kb1 g6 49. Rc7 Qb3+ 50. Qb2 Bd3+ 51. Kc1 1-0

[Event "Mondiale Semilampo FIDE 2024"]
[Site "New York"]
[Date "26.12.2024"]
[Round "1.64"]
[White "Bezold, Michael"]
[Black "Manafov, Vugar"]
[Result "0-1"]
[WhiteTitle "GM"]
[BlackTitle "IM"]
[WhiteElo "2469"]
[BlackElo "2431"]
[WhiteFideId "4601718"]
[BlackFideId "13410814"]
[EventDate "26.12.2024"]

1. g3 e5 2. Bg2 Nf6 3. c4 c6 4. d4 e4 5. Nc3 d5 6. Bg5 Bb4 7. Qb3 Bxc3+ 8. Qxc3
O-O 9. Nh3 Nbd7 10. O-O h6 11. Bf4 Re8 12. b3 Nf8 13. Be5 Ng6 14. Bxf6 Qxf6 15.
e3 Bg4 16. cxd5 cxd5 17. Rac1 Ne7 18. Qd2 g5 19. Kh1 Rac8 20. Ng1 Qd6 21. Rxc8
Rxc8 22. Rc1 Rf8 23. f3 exf3 24. Nxf3 Nc6 25. Ne1 Re8 26. Nd3 Bf5 27. Nf2 Qe6
28. Re1 Qd7 29. Kg1 Kg7 30. b4 Ne7 31. Rc1 Nc8 32. a3 Nb6 33. Re1 Nc4 34. Qc3
Rc8 35. e4 Nd6 36. Qb2 Bxe4 37. Nxe4 Nxe4 38. Bxe4 Re8 39. Kf2 Rxe4 40. Rxe4
Qf5+ 41. Kg1 Qxe4 42. Qc3 b6 43. Kf2 Qh1 44. Qc7 Qxh2+ 45. Kf3 Qh1+ 46. Kf2 Qe4
47. Qxa7 Qxd4+ 48. Kg2 Qe4+ 49. Kf2 b5 50. Qc5 d4 51. Qxb5 d3 52. Qc5 Qe2+ 53.
Kg1 d2 0-1